000 01010nas a2200349 4500
001 BR0601577
003 BR-BrBNA
005 20231205105933.0
007 ta
008 230509b bl.|||p| |||| 00| 00por d
040 _aBR-BrBNA
_bpor
_cBiblioteca Nacional de Agricultura
041 _a(Pt)
072 _aQ03; E70
100 1 _aBarbosa, J.M.
100 1 _aQueiroz, D.M.
100 1 _aSantos, E.C.B.
100 1 _aMendes, P. de P.
100 1 _aLeitão, S. da S.
245 1 _aAvaliação de sardinhas em conserva, comercializadas na cidade do Recife, Pernambuco.
650 _aSARDINHA
650 _aENLATADO
650 _aINSPEÇÃO SANITÁRIA
650 _aCONTROLE DE QUALIDADE
650 _aPESO
650 _aROTULAGEM
650 _aEMBALAGEM
650 _aCOMERCIALIZAÇÃO
650 _aPERNAMBUCO
773 0 _tHigiene Alimentar (Brazil)
_xISSN 0101-9171
_g(Jan-Feb 2006), v. 20(138) p. 53-55
_wBR0601577
909 _a202311
_bLúcia
_c55
_dLúcia Elande
942 _2AGRIS
_n0
_cANA
999 _c185441
_d185441